Dictionnaire alphabétique et analogique. Vol.5

Αποθηκεύτηκε σε:
Λεπτομέρειες βιβλιογραφικής εγγραφής
Κύριος συγγραφέας: Paul Robert
Μορφή: Βιβλίο
Γλώσσα:Undetermined
Έκδοση: Paris SNL. Le Robert 1966
Θέματα:
Ετικέτες: Προσθήκη ετικέτας
Δεν υπάρχουν, Καταχωρήστε ετικέτα πρώτοι!
Thư viện lưu trữ: Trung tâm Học liệu Trường Đại học Cần Thơ
LEADER 00502nam a2200181Ia 4500
001 CTU_26116
008 210402s9999 xx 000 0 und d
082 |a 443 
082 |b R639/Vol.5 
100 |a Paul Robert 
245 0 |a Dictionnaire alphabétique et analogique. Vol.5 
245 0 |c Paul Robert 
260 |a Paris 
260 |b SNL. Le Robert 
260 |c 1966 
650 |a french language - dictionaries 
904 |i Minh, 981008 
980 |a Trung tâm Học liệu Trường Đại học Cần Thơ